000 02627aam a2200397 a 4500
003 PE-LiUPU
005 20250731173602.0
008 240718b |||||||| |||| 00| 0 spa d
020 _a9789877013207
_qv. 1
040 _aAR-BaBN
_bspa
_cPE-LiUPU
_erda
_dPE-LiUPU
041 1 _aspa
_heng
080 1 _a279.14-475.5
_22016
082 _223
_a286.7325
_bSE
100 1 _aWhite, Elena G. de
_d1848-1915
_9959
245 1 0 _aSermones escogidos :
_bTomo 1 /
_cElena G. de White.
264 _aFlorida Oeste :
_bAsociación Casa Editora Sudamericana,
_c2015.
300 _a416 páginas :
_c22 centímetros.
490 0 _a(Biblioteca del hogar cristiano)
505 _aUn sueño con respecto al valor del trabajo en equipo -- Llamados a la fiesta de bodas -- La alimentación y la salud -- Oír y actuar -- Preparación para cl Juicio -- Nuestra ciudadanía está en los cielos -- Prediquen el mensaje del tercer ángel -- Comentarios después de leer un artículo antes de llegar al Congreso -- La relación del ministro con la Palabra de Dios -- Libertad religiosa -- Buscando faltas -- Contemplemos la gloria de Cristo -- Preparación para la venida de Cristo -- Cristo y la Ley -- En respuesta a la nueva luz -- Quién aceptará la luz del Cielo? -- El espíritu de discernimiento -- Abrigar fe en lugar de dudas -- La importancia de ejercer la fe -- El peligro de un espíritu independiente -- Reflexiones sobre una reunión de la Asociación de Míchigan -- Se necesita la obra y el bautismo del Espíritu Santo -- Los frutos de la conversión -- Temperancia -- Guardar los mandamientos --Vida eterna -- En busca de los tesoros celestiales -- Andar por el Espíritu -- La verdadera educación -- El ministerio La voluntad de Dios con respecto a ustedes -- Hablemos de fe y avancemos -- Palabras a los alumnos -- La vida cristiana -- El privilegio del alumno -- Palabras a los alumnos -- El fundamento de nuestra fe -- Instrucciones para los obreros del sanatorio y del restaurante -- Lecciones de Romanos 15 -- Lecciones de las visiones de Ezequiel -- Lecciones del Pentecostés -- Yo soy la Vid verdadera.
526 _aSEG42
526 _aSEG41
526 _aSEG40
526 _aSEG39
526 _aP94
526 _aP87
526 _aP86
526 _aP85
526 _aP77
526 _aP76
526 _aP35
600 0 _aWhite, Elena G. de,
_d1827-1915
_xSermones.
_vSermones.
_94284
650 4 _aAdventistas del Séptimo Día
_vSermones
655 4 _aSermones
942 _2ddc
_cBK
_n0
999 _c62595
_d62594
980 _618226
_aJaime Vilcazán Jefe de Análisis Documental
_81
_gALBERTO SANCHEZ Responsable de Automatización